000 00269nam a2200097Ia 4500
008 220214s9999 xx 000 0 und d
245 0 _aScientific papers on the cultivation of dwarf rubber trees, etc
260 _bIndian Forester
_c1910
300 _a117-125
942 _cRE
999 _c45913
_d45913